|
|
|
|
| LEADER |
01654pam\a2200349\a\4500 |
| 001 |
AALMcGrawHillebook000001 |
| 003 |
BD-DhAAL |
| 006 |
m||||||||d|||||||| |
| 007 |
cr|||||||||||| |
| 008 |
210805s2021\\\\xx\\\\\\o\\\\\||||0\eng\d |
| 020 |
|
|
|a 9781260290172
|
| 040 |
|
|
|a BD-DhAAL
|
| 100 |
|
|
|a Hill, Charles W. L.,
|e author,
|9 41316
|
| 245 |
|
|
|a International business
|h [electronic resource] :
|b competing in the global marketplace /
|c Charles W L Hill; G Tomas M Hult
|
| 250 |
|
|
|a Twelve edition
|
| 260 |
|
|
|a New York, NY :
|b McGraw-Hill Education Ann Arbour, Michigan ProQuest,
|c c2019
|
| 300 |
|
|
|a 1 online resource
|
| 500 |
|
|
|a <strong>Off-Campus Access:</strong> User ID and Password Required (send email to University Librarian for off-campus access)
|
| 500 |
|
|
|a <strong>On-Campus Access:</strong> No User ID or Password Required
|
| 500 |
|
|
|a Access type: Perpetual
|
| 506 |
|
|
|a Electronic access restricted to authorized BRAC University faculty, staff and students
|
| 526 |
8 |
|
|a BBS
|x Mahreen Mamoon,
Assistant Professor
|
| 538 |
|
|
|a Mode of access: Internet
|
| 541 |
|
|
|a McGraw- Hill
|h USD 322.44
|
| 650 |
|
|
|a International business enterprises
|x Management.
|9 41317
|
| 650 |
|
|
|a Competition, International.
|9 41318
|
| 700 |
|
|
|a Hult, G Tomas M.,
|e author.
|9 41319
|
| 852 |
|
|
|a Ayesha Abed Library
|
| 856 |
|
|
|z Full text available on McGraw- Hill
|u http://www.expresslibrary.mheducation.com/product/ebook-international-business-competing-in-global-marketplace
|
| 942 |
|
|
|2 ddc
|c EBK
|
| 999 |
|
|
|c 43252
|d 43252
|
| 952 |
|
|
|0 0
|1 0
|2 ddc
|4 0
|7 0
|9 69360
|a BRACUL
|b BRACUL
|d 2021-08-05
|e McGraw- Hill
|g 27358.59
|l 0
|r 2021-08-05
|t 1
|w 2021-08-05
|y EBK
|